|
|
|
|
| LEADER |
00000nab a2200000 a 4500 |
| 001 |
vtls009176448 |
| 003 |
SK-MaSNL |
| 005 |
20260305021741.0 |
| 008 |
080122c2007 xo r m 000 00slo |
| 015 |
|
|
|a SNBRA2008/01SVKPO
|
| 038 |
|
|
|a SVKPO
|
| 040 |
|
|
|a SVKPOCL
|c slo
|e AACR2
|
| 041 |
0 |
|
|a slo
|
| 044 |
|
|
|a xo
|c SK
|
| 080 |
|
|
|a 37-051
|2 2001
|
| 080 |
|
|
|a 94-051
|2 2001
|
| 080 |
|
|
|a 929 Bajcurová, Tamara
|2 2001
|
| 100 |
1 |
|
|a Harbuľová, Ľubica,
|d 1962-
|4 aut
|9 101166
|
| 245 |
1 |
0 |
|a Životné jubileum prof. PhDr. Tamary Bajcurovej, DrSc.
|c Ľubica Harbuľová
|
| 600 |
1 |
7 |
|a Bajcurová, Tamara,
|d 1932-2016
|2 svkpocl
|9 180471
|
| 650 |
0 |
7 |
|a historici
|2 svkpocl
|9 54543
|
| 650 |
0 |
7 |
|a pedagógovia
|2 svkpocl
|9 18561
|
| 651 |
|
7 |
|a Prešov (Slovensko)
|2 SNKPH
|9 17347
|
| 773 |
0 |
|
|t Annales Historici Presovienses Vol. 7
|d Prešov : Universum, 2007
|g S. 285-286
|z 8089046274
|x 1336-7528
|
| 852 |
|
|
|a SVKPO
|b KIS3GCP
|
| 958 |
|
|
|a SK
|
| 958 |
|
|
|a BX
|
| 999 |
|
|
|c 3287807
|d 3289737
|